PHARMACEUTICAL ANALYSIS MODERN METHODS [ IN TWO PARTS] PART-B [VOL-11] (Record no. 8604)

MARC details
000 -LEADER
fixed length control field 00476nam a22001697a 4500
005 - DATE AND TIME OF LATEST TRANSACTION
control field 20240902115937.0
008 - FIXED-LENGTH DATA ELEMENTS--GENERAL INFORMATION
fixed length control field 240831b |||||||| |||| 00| 0 eng d
020 ## - INTERNATIONAL STANDARD BOOK NUMBER
ISBN 978-1-84214-552-4
041 ## - LANGUAGE CODE
Language code of text/sound track or separate title eng
082 ## - DEWEY DECIMAL CLASSIFICATION NUMBER
Classification number 615.1 MUN
100 ## - MAIN ENTRY--AUTHOR NAME
Personal name MUNSON, JAMES W.
245 ## - TITLE STATEMENT
Title PHARMACEUTICAL ANALYSIS MODERN METHODS [ IN TWO PARTS] PART-B [VOL-11]
260 ## - PUBLICATION, DISTRIBUTION, ETC. (IMPRINT)
Place of publication U.K.
Name of publisher INFORMA HEAJTH CARE
Year of publication 2012
300 ## - PHYSICAL DESCRIPTION
Number of Pages 496; P
650 ## - SUBJECT ADDED ENTRY--TOPICAL TERM
Topical Term PHARMACY
General subdivision M.PHARMA
942 ## - ADDED ENTRY ELEMENTS (KOHA)
Koha item type Books
Holdings
Lost status Damaged status Collection code Home library Current library Shelving location Date acquired Source of acquisition Cost, normal purchase price Serial Enumeration / chronology Full call number Accession Number Koha item type
    Reference JRU Library JRU Library SHELF-72-B 30/08/2024 PURCHASE 3995.00 NEW ARRIVALS SHELF 615.1 28346 Books